000 00467nam a22001817a 4500
003 MPLRDC
005 20220104184342.0
008 210129b ||||| |||| 00| 0 eng d
020 _a957-696-653-8
082 _a411.16 YJL
100 _a游敬伦
245 _a不运动, 当然会生病 !
_c
250 _a初版十四刷
260 _a台湾
_b新自然主义股份有限公司
_c2009
300 _b
650 _a运动健康法
942 _cBK
_o411.16 YJL
999 _c62819
_d62809